Reducir el papeleo : estrategias nacionales para la amplificacin̤ administrativa /
| Corporate Authors: | , |
|---|---|
| Other Authors: | |
| Format: | Book |
| Language: | Spanish English French |
| Published: |
Madrid :
Instituto Nacional de Administracin̤ Pb︢lica : Organizacin̤ para la Cooperacin̤ y el Desarrollo Econm̤ico (OCDE),
2008
|
| Series: | Estudios y documentos (Instituto Nacional de Administracin̤ Pb︢lica (Espanya))
|
| Subjects: | |
| Online Access: | Acceso restringido |
MARC
| LEADER | 00000nam a2200000 a 4500 | ||
|---|---|---|---|
| 005 | 2011070702082.0 | ||
| 008 | 090428s2008 sp ad |||||||000 0 spa c | ||
| 020 | |a 9788473512817 | ||
| 020 | |a 8473512812 | ||
| 035 | |a 5530 | ||
| 040 | |d vLex | ||
| 041 | 1 | |a spa |h eng |h fre | |
| 090 | |c 2185 |d 2185 | ||
| 245 | 0 | 0 | |a Reducir el papeleo : |b estrategias nacionales para la amplificacin̤ administrativa / |c Traduccin̤ de Eduardo Larrea |h [Recurso electrn̤ico] |
| 256 | |a Servicio en ln̕ea. | ||
| 260 | |a Madrid : |b Instituto Nacional de Administracin̤ Pb︢lica : |b Organizacin̤ para la Cooperacin̤ y el Desarrollo Econm̤ico (OCDE), |c 2008 | ||
| 300 | |a 117 p. : |b il., quadres, taules, grf̉. ; |c 24 cm | ||
| 490 | 1 | |a Estudios y documentos | |
| 500 | |a Incluye anexos | ||
| 500 | |a Publicado originalmente en inglš y en francš por: OCEDE, cop. 2006 | ||
| 504 | |a Bibliografa̕ | ||
| 506 | 1 | |a Contenido solo disponible en los productos indicados |d vLex Global |d vLex Global (Academic Edition, excluding Law Schools) |d vLex Global (U.S. Academic Edition, Law Schools) |d vLex Global (U.S. Academic Edition, excluding Law Schools) |d vLex Global (Academic Edition, Law Schools) | |
| 546 | |a Trad. de: "Cutting Red Tape. National Strategies for Administrative Simplification" | ||
| 546 | |a Trad. de: "Éliminer la paperasserie. Des stratǧies nationales pour simplifier les formalitš administratives" | ||
| 650 | 0 | 7 | |a Administracin̤ publica |2 Tesauro vLex |
| 650 | 0 | 7 | |a Administracin̤ General del Estado |2 Tesauro vLex |
| 650 | 0 | 7 | |a Administrados |2 Tesauro vLex |
| 700 | 1 | |a Larrea, Eduardo, |e trad. | |
| 710 | 2 | |a Instituto Nacional de Administracin̤ Pb︢lica (Espanya) | |
| 710 | 2 | |a Organitzaci ̤de Cooperaci ̤i Desenvolupament Econṃic | |
| 740 | 0 | |a vLex Libros (Servicio en ln̕ea) | |
| 830 | 0 | |a Estudios y documentos (Instituto Nacional de Administracin̤ Pb︢lica (Espanya)) | |
| 856 | 4 | 0 | |u http://vlex.com/source/reducir-papeleo-estrategias-nacionales-simplificacion-administrativa-5530 |z Acceso restringido |
| 942 | |c BOOK | ||


